| 000 | 00644nam a2200229Ia 4500 | ||
|---|---|---|---|
| 003 | OSt | ||
| 005 | 20230427150242.0 | ||
| 008 | 210423s2010 xx 000 0 und d | ||
| 020 | _a9780521670425 | ||
| 040 | _cAL | ||
| 041 | _aeng | ||
| 082 |
_a530.141 GURB _223 |
||
| 100 |
_aGURU (Bhag Singh);HIZIROGLU (Huseyin R). _994193 |
||
| 245 | _aElectromaganetic field theory fundamentals. | ||
| 250 | _a2 | ||
| 260 |
_aNew York _bCambridge University Press _c2010 |
||
| 300 |
_axv,681p _bPB |
||
| 365 |
_b475 _cINR |
||
| 650 |
_aTheoretical Physics _994194 |
||
| 906 | _aElectromaganetic ; field ; fundamentals. ; theory | ||
| 942 |
_2ddc _cBK |
||
| 999 |
_c161813 _d161813 |
||